| 000 | 00949nac a22002897a 4500 | ||
|---|---|---|---|
| 001 | BR8002407 | ||
| 003 | BR-BrBNA | ||
| 005 | 20240105114649.0 | ||
| 008 | 230509b bl.|||m| |||| 00| 0 por d | ||
| 040 |
_aBR-BrBNA _bpor _cBiblioteca Nacional de Agricultura |
||
| 072 | _aF10 | ||
| 090 | _aF10 BR8002407 | ||
| 110 | 1 | _aCentro de Pesquisa Agropecuaria do Tropico Semi-Arido, Petrolina, PE (Brasil) | |
| 245 | 1 | _aBoletim agrometeorologico 1979 [Clima; Petrolina; Pernambuco; Brasil] | |
| 260 | 3 |
_aPetrolina, PE (Brasil): _c1980. |
|
| 300 | _a23 p. | ||
| 490 |
_aBoletim Agrometeorologico - Centro de Pesquisa Agropecuaria do Tropico Semi-Arido (Brazil) _vno. 2 _x |
||
| 500 | _aNumerical data | ||
| 650 | _aMeteorologia | ||
| 650 | _aClima | ||
| 650 | _aPrecipitacao pluvial | ||
| 650 | _aUmidade relativa | ||
| 650 | _aPetrolina | ||
| 650 | _aPernambuco | ||
| 909 |
_a202312 _bLúcia Elande _c55 _dLúcia Elande |
||
| 942 |
_2AGRIS _n0 _cMS |
||
| 999 |
_c270618 _d270618 |
||